header

Conscience & conversion in Newman (Record no. 185342)

MARC details
000 -LEADER
fixed length control field 01516nam a2200397Ia 4500
082 04 - DEWEY DECIMAL CLASSIFICATION NUMBER
Classification number 282.092
100 1# - MAIN ENTRY--AUTHOR NAME
Personal name Conn, Walter E.
245 10 - TITLE STATEMENT
Title Conscience & conversion in Newman
260 ## - PUBLICATION, DISTRIBUTION, ETC. (IMPRINT)
Place of publication Milwaukee, Wis. :
Name of publisher Marquette University Press,
Year of publication c2010.
300 ## - PHYSICAL DESCRIPTION
Number of Pages 158 p.
490 1# - SERIES STATEMENT
Series statement Marquette studies in theology ;
650 #0 - SUBJECT ADDED ENTRY--TOPICAL TERM
Topical Term Conversion
Topical Term Catholic converts
Topical Term Conscience.
Topical Term Self.
856 40 - ELECTRONIC LOCATION AND ACCESS
Uniform Resource Identifier http://site.ebrary.com/lib/rucke/Doc?id=10569665

No items available.

© 2026 Rongo University
Contact us: librarian | system librarian | Rongo university